000 00821cab a22001935a 4500
001 L153223
008 110624s2011 xxk f 000 0 eng d
035 _a(Sirsi) u153223
041 0 _aeng
100 1 _aChampion, Ronan
245 0 0 _aElectronic documents in construction litigation
_blessons from experience
260 _c2011
490 0 _aConstruction Law Journal
_v27(4) 2011, 227-243(17)
520 _aConsiders some of the likely consequences on trial preparation of working with documents that are predominantly in digital form. Construction claims; document management, electronic disclosure, electronic documents, litigation.
590 _aKA
651 4 _aUnited Kingdom
_y
690 _aMANAGEMENT-DISPUTE AVOIDANCE, MANAGEMENT AND RESOLUTION-DISPUTE MANAGEMENT AND RESOLUTION-ARBITRATION
942 _n0
999 _c83232
_d83232